[Event "Nuremberg Zabo op 23rd"]
[Site "Nuremberg"]
[Date "2023.09.17"]
[Round "5"]
[White "Grosser, Juergen"]
[Black "Averin, Aleksey"]
[Result "1-0"]
[WhiteElo "1813"]
[BlackElo "1146"]
[PlyCount "63"]
[EventDate "2023.09.15"]
[EventType "swiss"]
[EventRounds "5"]
[EventCountry "GER"]
[SourceTitle "EXT 2024"]
[Source "ChessBase"]
[SourceDate "2023.10.10"]
[SourceVersion "1"]
[SourceVersionDate "2023.10.10"]
[SourceQuality "1"]

1. d4 Nf6 2. Nf3 e6 3. g3 b6 4. Bg2 Bb7 5. 0-0 h6 6. c4 Bb4 7. a3 Be7 8. Nc3 d6 9. b4 0-0 10. Qc2 c5 11. Rd1 cxd4 12. Nxd4 Bxg2 13. Kxg2 Nbd7 14. Nc6 Qe8 15. Nb5 Rc8 16. Ncxa7 Rb8 17. Nc6 Rc8 18. Nxe7+ Qxe7 19. Nxd6 Rc6 20. Qd3 Ne5 21. Qd4 Rd8 22. Nf5 exf5 23. Qxd8+ Qxd8 24. Rxd8+ Kh7 25. c5 bxc5 26. Bf4 Ng6 27. Rc1 Nxf4+ 28. gxf4 c4 29. b5 Rb6 30. a4 Re6 31. e3 c3 32. Rxc3 1-0

[Event "Nuremberg Zabo op 23rd"]
[Site "Nuremberg"]
[Date "2023.09.15"]
[Round "1"]
[White "Engel, David"]
[Black "Averin, Aleksey"]
[Result "1-0"]
[WhiteElo "1535"]
[BlackElo "1146"]
[PlyCount "95"]
[EventDate "2023.09.15"]
[EventType "swiss"]
[EventRounds "5"]
[EventCountry "GER"]
[SourceTitle "EXT 2024"]
[Source "ChessBase"]
[SourceDate "2023.10.10"]
[SourceVersion "1"]
[SourceVersionDate "2023.10.10"]
[SourceQuality "1"]

1. e4 c5 2. Nf3 e6 3. c3 Nc6 4. d4 cxd4 5. cxd4 Nf6 6. Nc3 Be7 7. a3 b6 8. Bd3 Bb7 9. 0-0 h6 10. e5 Nd5 11. Nxd5 exd5 12. Bf4 g5 13. Bg3 d6 14. Bb5 a6 15. Bxc6+ Bxc6 16. Re1 0-0 17. Rc1 Ba4 18. Qxa4 b5 19. Qb3 dxe5 20. Rxe5 Bf6 21. Rxd5 Qe7 22. Bd6 Qe2 23. Re1 Qc4 24. Qxc4 bxc4 25. Bxf8 Kxf8 26. Ne5 Bxe5 27. Rexe5 Rb8 28. Rc5 Rxb2 29. g4 Rb1+ 30. Kg2 Rc1 31. Rc8+ Kg7 32. Rec5 Rc3 33. d5 Rxa3 34. Rxc4 Rd3 35. Rd8 Kf6 36. Re4 a5 37. Kf1 Rd1+ 38. Ke2 Ra1 39. d6 Ra2+ 40. Kf3 Ra3+ 41. Re3 Rxe3+ 42. Kxe3 a4 43. Kd4 a3 44. Kc5 a2 45. Ra8 Ke6 46. Kc6 Ke5 47. d7 Kf4 48. d8Q 1-0